000 01224nam a2200349 c 4500
999 _c203509
_d203509
003 BLK
005 20250220154345.0
008 180411b bul|||||r ||||||| ||bul||
010 _aKNG00213038000
020 _a978-954-01-3291-4
040 _aBLK
041 _aBUL
_cBUL
072 7 _2bullib
_aН372
_xУчебни предмети. Учебници Н
080 _aПисане
_b372.45
_x(076)(075.2)
_z372.45(076)(075.2)
100 _aРангелова, Поли
_qПърванова, Поли Рангелова
_9381362
139 _aРангелова, Поли
_bР 35
245 1 0 _aДиктовки за I клас
_cПоли Рангелова; * Поли Рангелова Първанова.
257 _aBGR
260 _bПросвета
_c2017
_fСофия : Дедракс
300 _a44 с.
_c21 см
380 _a3
650 4 _aПисане
_9166322
659 _aН
700 1 _aПърванова, Поли Рангелова
_e*
_9384692
852 _aЦб 287463
856 4 _qpdf
856 4 _qpdf
942 _cKNG
_n0
_012
944 _aCR
_c11.10.2017
_k30537
_lГрета Цуфелде
944 _aED
_c16.11.2017
_kГрета_Цуфелде
999 _d203509